| Tag |
First Indicator |
Second Indicator |
Subfields |
| LEADER |
00000cam a2200000 a 4500 |
| 001 |
in00000030141 |
| 005 |
20151007060213.0 |
| 008 |
870306s1987 hk a b 00110 eng |
| 010 |
|
|
|a 87007648
|
| 020 |
|
|
|a 0195840984 :
|c HK$145.00
|
| 020 |
|
|
|a 0195841778 (pbk.) :
|c HK$95.00
|
| 035 |
|
|
|a (OCoLC)15519931
|
| 035 |
|
|
|9 AAC0290AM
|
| 040 |
|
|
|a DLC
|c DLC
|d TXA
|d UtOrBLW
|
| 043 |
|
|
|a a-cc---
|
| 049 |
|
|
|a TXAM
|c [A11508204]
|
| 050 |
0 |
0 |
|a DS710
|b .M495 1987
|
| 082 |
0 |
|
|a 915.1/0442
|2 19
|
| 100 |
1 |
|
|a Morrison, Hedda.
|
| 245 |
1 |
0 |
|a Travels of a photographer in China, 1933-1946 /
|c Hedda Morrison.
|
| 264 |
|
1 |
|a Hong Kong ;
|a New York :
|b Oxford University Press,
|c 1987.
|
| 300 |
|
|
|a vii, 246 pages :
|b illustrations ;
|c 26 cm.
|
| 336 |
|
|
|a text
|b txt
|2 rdacontent
|
| 337 |
|
|
|a unmediated
|b n
|2 rdamedia
|
| 338 |
|
|
|a volume
|b nc
|2 rdacarrier
|
| 504 |
|
|
|a Bibliography: pages 242-243.
|
| 500 |
|
|
|a Includes index.
|
| 651 |
|
0 |
|a China
|v Pictorial works.
|
| 999 |
|
|
|a MARS
|
| 999 |
f |
f |
|s 3b51ac60-4225-31f6-a43c-90643820e94b
|i 55c421bf-eede-3922-9762-f9e7b75ea9f8
|t 0
|
| 952 |
f |
f |
|p normal
|a Texas A&M University
|b College Station
|c Sterling C. Evans Library
|d Evans: Library Stacks
|t 0
|e DS710 .M495 1987
|h Library of Congress classification
|i unmediated -- volume
|m A14811508204
|
| 998 |
f |
f |
|a DS710 .M495 1987
|t 0
|l Evans: Library Stacks
|